[Event "Lloyds Bank Masters 11th"]
[Site "London"]
[Date "1987.08.22"]
[Round "1"]
[White "Bjerring, Kai"]
[Black "Gallagher, Joseph G"]
[Result "0-1"]
[WhiteElo "2300"]
[BlackElo "2405"]
[PlyCount "75"]
[EventDate "1987.08.22"]
[EventType "swiss"]
[EventRounds "10"]
[EventCountry "ENG"]
[SourceTitle "BritBase"]
[Source "John Saunders"]
[SourceDate "2022.12.30"]
[SourceVersion "1"]
[SourceVersionDate "2022.12.30"]
[SourceQuality "1"]

1. e4 c5 2. Nf3 d6 3. d4 cxd4 4. Nxd4 Nf6 5. Nc3 a6 6. Be2 e5 7. Nb3 Be7 8. Bg5
Be6 9. Bxf6 Bxf6 10. O-O O-O 11. Nd5 Nd7 12. Qd3 Rc8 13. Rad1 Bg5 14. c3 Re8
15. Rfe1 g6 16. Bf3 Bh6 17. Ne3 Bf8 18. Bg4 b5 19. Bxe6 fxe6 20. c4 Qb6 21.
cxb5 axb5 22. Rc1 Nf6 23. h3 h5 24. Rc3 Rxc3 25. bxc3 Ra8 26. c4 bxc4 27. Qxc4
Kf7 28. a4 Qb7 29. Nd2 d5 30. exd5 exd5 31. Qa2 Kg7 32. Nf3 e4 33. Nd4 Qd7 34.
Ra1 Kh7 35. Qb3 Bc5 36. Nec2 Qa7 37. Qc3 Rc8 38. Ne6 0-1

[Event "Lloyds Bank Masters 11th"]
[Site "London"]
[Date "1987.08.22"]
[Round "1"]
[White "Dlugy, Maxim"]
[Black "Hansen, Mads Smith"]
[Result "1/2-1/2"]
[WhiteElo "2545"]
[BlackElo "2305"]
[PlyCount "33"]
[EventDate "1987.08.22"]
[EventType "swiss"]
[EventRounds "10"]
[EventCountry "ENG"]
[SourceTitle "BritBase"]
[Source "John Saunders"]
[SourceDate "2022.12.30"]
[SourceVersion "1"]
[SourceVersionDate "2022.12.30"]
[SourceQuality "1"]

1. d4 Nf6 2. c4 c5 3. d5 b5 4. cxb5 a6 5. f3 d6 6. e4 g6 7. Nc3 Bg7 8. a4 O-O
9. Bd2 e6 10. Bc4 exd5 11. Nxd5 axb5 12. axb5 Rxa1 13. Qxa1 Nxd5 14. Bxd5 Be6
15. Qa2 Bxd5 16. Qxd5 Qb6 17. Bc3 1/2-1/2

[Event "Lloyds Bank Masters 11th"]
[Site "London"]
[Date "1987.08.22"]
[Round "1"]
[White "Flear, Glenn C"]
[Black "Lauvsnes, Arild"]
[Result "1-0"]
[WhiteElo "2480"]
[BlackElo "2290"]
[PlyCount "85"]
[EventDate "1987.08.22"]
[EventType "swiss"]
[EventRounds "10"]
[EventCountry "ENG"]
[SourceTitle "BritBase"]
[Source "John Saunders"]
[SourceDate "2022.12.30"]
[SourceVersion "1"]
[SourceVersionDate "2022.12.30"]
[SourceQuality "1"]

1. d4 d5 2. c4 e6 3. Nc3 Nf6 4. cxd5 exd5 5. Bg5 Be7 6. e3 c6 7. Qc2 Nbd7 8.
Bd3 O-O 9. Nf3 Re8 10. O-O Nf8 11. Rab1 a5 12. a3 Ne4 13. Bxe7 Qxe7 14. b4 Ng6
15. Bxe4 dxe4 16. Nd2 f5 17. Nc4 axb4 18. axb4 Be6 19. Nb6 Rad8 20. Ne2 Qg5 21.
b5 Nh4 22. Ng3 Rd6 23. Nc4 Rdd8 24. Na5 cxb5 25. Rxb5 Rd5 26. Qa4 Ra8 27. Rxd5
Bxd5 28. Qb5 Qd8 29. Nxb7 Rb8 30. Nxd8 Rxb5 31. Rc1 Rb6 32. h3 Kf8 33. Ne2 Ke7
34. Nf4 Ba8 35. Rc8 Rb1+ 36. Kh2 g5 37. Rxa8 gxf4 38. exf4 Rd1 39. Nc6+ Kf6 40.
Ra7 Ng6 41. g3 Rd2 42. Kg1 h5 43. Rh7 1-0

[Event "Lloyds Bank Masters 11th"]
[Site "London"]
[Date "1987.08.22"]
[Round "1"]
[White "Hamid, Rani"]
[Black "Forbes, Cathy"]
[Result "1-0"]
[WhiteElo "2180"]
[BlackElo "1905"]
[PlyCount "65"]
[EventDate "1987.08.22"]
[EventType "swiss"]
[EventRounds "10"]
[EventCountry "ENG"]
[SourceTitle "BritBase"]
[Source "John Saunders"]
[SourceDate "2022.12.30"]
[SourceVersion "1"]
[SourceVersionDate "2022.12.30"]
[SourceQuality "1"]

1. e4 c5 2. Nf3 e6 3. d4 cxd4 4. Nxd4 a6 5. Nc3 Qc7 6. Bd3 Nf6 7. O-O Nc6 8.
Be3 Ne5 9. h3 b5 10. Bf4 Bb7 11. Qe2 Bd6 12. Bg3 Nxd3 13. Ndxb5 axb5 14. Nxb5
Qc6 15. Nxd6+ Ke7 16. cxd3 Ba6 17. Rfc1 Qb6 18. Qf3 Rhf8 19. e5 Nd5 20. Qg4 Rg8
21. Nc4 Qb4 22. Qh4+ g5 23. Qxh7 Bxc4 24. dxc4 Nf4 25. Bxf4 gxf4 26. Qh4+ Ke8
27. Qxf4 Qxb2 28. c5 Qb7 29. g3 Qd5 30. a4 Rh8 31. h4 Rh5 32. Re1 Qxc5 33. Qf3
1-0

[Event "Lloyds Bank Masters 11th"]
[Site "London"]
[Date "1987.08.22"]
[Round "1"]
[White "Martin, Andrew D"]
[Black "Rivello, Roberto"]
[Result "1-0"]
[WhiteElo "2375"]
[BlackElo "2225"]
[PlyCount "48"]
[EventDate "1987.08.22"]
[EventType "swiss"]
[EventRounds "10"]
[EventCountry "ENG"]
[SourceTitle "BritBase"]
[Source "John Saunders"]
[SourceDate "2022.12.30"]
[SourceVersion "1"]
[SourceVersionDate "2022.12.30"]
[SourceQuality "1"]

1. e4 c5 2. Nf3 d6 3. c3 Nf6 4. h3 g6 5. Bd3 Bg7 6. Bc2 O-O 7. O-O e5 8. d4 Nc6
9. dxc5 dxc5 10. Qe2 Qe7 11. Na3 h6 12. Nc4 Nh5 13. Rd1 Be6 14. Ba4 Rac8 15.
Bxc6 Bxc4 16. Qxc4 Rxc6 17. Be3 Nf6 18. Rd2 Rcc8 19. Rad1 b6 20. Rd6 Qb7 21.
Bxh6 Qxe4 22. Qxe4 Nxe4 23. Bxg7 Nxd6 24. Bxf8 Kxf8 1-0

[Event "Lloyds Bank Masters 11th"]
[Site "London"]
[Date "1987.08.22"]
[Round "1"]
[White "Mishra, Neeraj Kumar"]
[Black "Burgess, Graham"]
[Result "0-1"]
[WhiteElo "2350"]
[BlackElo "2265"]
[PlyCount "68"]
[EventDate "1987.08.22"]
[EventType "swiss"]
[EventRounds "10"]
[EventCountry "ENG"]
[SourceTitle "BritBase"]
[Source "John Saunders"]
[SourceDate "2022.12.30"]
[SourceVersion "1"]
[SourceVersionDate "2022.12.30"]
[SourceQuality "1"]

1. d4 Nf6 2. c4 g6 3. Nc3 Bg7 4. e4 d6 5. f3 a6 6. Be3 Nc6 7. Nge2 Rb8 8. Nc1
e5 9. d5 Nd4 10. Bxd4 exd4 11. Qxd4 O-O 12. Qd2 c5 13. Bd3 Bd7 14. O-O b5 15.
N1e2 Re8 16. Ng3 h5 17. Rae1 h4 18. Nge2 Nh5 19. f4 Bh6 20. Qc2 b4 21. Nd1 Bg4
22. e5 dxe5 23. fxe5 Qg5 24. e6 fxe6 25. Bxg6 Bh3 26. Nc1 Re7 27. dxe6 Nf4 28.
Bf7+ Kh8 29. Ne3 Bxe6 30. Bxe6 Rxe6 31. Qf5 Rg8 32. Rxf4 Rxe3 33. Re2 Rxe2 34.
Qxg5 Re1+ 0-1

[Event "Lloyds Bank Masters 11th"]
[Site "London"]
[Date "1987.08.22"]
[Round "1"]
[White "Rahman, Ziaur"]
[Black "Plaskett, H James"]
[Result "1-0"]
[WhiteElo "2280"]
[BlackElo "2475"]
[PlyCount "67"]
[EventDate "1987.08.22"]
[EventType "swiss"]
[EventRounds "10"]
[EventCountry "ENG"]
[SourceTitle "BritBase"]
[Source "John Saunders"]
[SourceDate "2022.12.30"]
[SourceVersion "1"]
[SourceVersionDate "2022.12.30"]
[SourceQuality "1"]

1. e4 c5 2. Nf3 e6 3. d4 cxd4 4. Nxd4 Nc6 5. Nb5 Bc5 6. Nd6+ Ke7 7. Bf4 Nf6 8.
Nc3 Qb6 9. Qd2 Bxf2+ 10. Qxf2 Qxb2 11. Qc5 b6 12. Nc4+ bxc5 13. Nxb2 d6 14.
O-O-O Rd8 15. Bb5 Bb7 16. Bxc6 Bxc6 17. Nc4 Ne8 18. Na5 Rac8 19. Nxc6+ Rxc6 20.
Rhe1 f6 21. Re3 Kf7 22. g4 Nc7 23. Red3 e5 24. Be3 c4 25. R3d2 a6 26. g5 Ke6
27. gxf6 gxf6 28. Nd5 c3 29. Rf2 Rf8 30. Bg5 Nb5 31. Rdf1 Rc4 32. Rxf6+ Rxf6
33. Rxf6+ Kd7 34. Nb6+ 1-0

[Event "Lloyds Bank Masters 11th"]
[Site "London"]
[Date "1987.08.22"]
[Round "1"]
[White "Watson, William N"]
[Black "Ravikumar, Vaidyanathan"]
[Result "1-0"]
[WhiteElo "2530"]
[BlackElo "2305"]
[PlyCount "65"]
[EventDate "1987.08.22"]
[EventType "swiss"]
[EventRounds "10"]
[EventCountry "ENG"]
[SourceTitle "BritBase"]
[Source "John Saunders"]
[SourceDate "2022.12.30"]
[SourceVersion "1"]
[SourceVersionDate "2022.12.30"]
[SourceQuality "1"]

1. e4 c5 2. Nf3 e6 3. d4 cxd4 4. Nxd4 Nf6 5. Nc3 d6 6. g4 h6 7. h4 Be7 8. Bg2
a6 9. g5 hxg5 10. hxg5 Rxh1+ 11. Bxh1 Nh7 12. Qh5 Nf8 13. Be3 g6 14. Qh6 Nc6
15. O-O-O Ne5 16. Nf3 Ng4 17. Qh4 Nxe3 18. fxe3 Qa5 19. e5 d5 20. Kb1 b5 21. e4
d4 22. Nxd4 Bb7 23. Nd5 exd5 24. exd5 Qd8 25. d6 Bxg5 26. Qh8 Bxh1 27. Qxh1 Rc8
28. Nf3 Be3 29. e6 fxe6 30. Ne5 Rc5 31. d7+ Ke7 32. Qh4+ g5 33. Qh8 1-0

[Event "Lloyds Bank Masters 11th"]
[Site "London"]
[Date "1987.08.22"]
[Round "1"]
[White "Wood, David A"]
[Black "Wiedenkeller, Michael"]
[Result "0-1"]
[WhiteElo "2275"]
[BlackElo "2450"]
[PlyCount "82"]
[EventDate "1987.08.22"]
[EventType "swiss"]
[EventRounds "10"]
[EventCountry "ENG"]
[SourceTitle "BritBase"]
[Source "John Saunders"]
[SourceDate "2022.12.30"]
[SourceVersion "1"]
[SourceVersionDate "2022.12.30"]
[SourceQuality "1"]

1. e4 e6 2. d4 d5 3. Nd2 Nf6 4. e5 Nfd7 5. f4 c5 6. c3 Nc6 7. Ndf3 Qb6 8. g3
Be7 9. Bh3 cxd4 10. cxd4 O-O 11. Ne2 f6 12. Bxe6+ Kh8 13. exf6 Nxf6 14. Bxc8
Bb4+ 15. Kf1 Raxc8 16. Kg2 Ne4 17. Qd3 Bd6 18. a3 Na5 19. Rb1 Nc4 20. Rd1 a5
21. Neg1 Qc7 22. Nh3 Nb6 23. Ne1 h6 24. Be3 Nc4 25. Bc1 b5 26. Nf3 Nb6 27. Ne1
Qc4 28. Nf2 Nxf2 29. Kxf2 Qa2 30. Rd2 Nc4 31. Re2 Rfe8 32. Rxe8+ Rxe8 33. Kf1
Re4 34. Nf3 a4 35. f5 Be7 36. h3 Bf6 37. Bf4 Bxd4 38. Rd1 Nxb2 39. Qc2 Bf6 40.
Nd2 Re8 41. Qc6 Rf8 0-1

[Event "Lloyds Bank Masters 11th"]
[Site "London"]
[Date "1987.08.22"]
[Round "1"]
[White "Littlewood, Paul E"]
[Black "Muir, Andrew Joseph"]
[Result "1-0"]
[WhiteElo "2470"]
[BlackElo "2285"]
[PlyCount "81"]
[EventDate "1987.08.22"]
[EventType "swiss"]
[EventRounds "10"]
[EventCountry "ENG"]
[SourceTitle "BritBase"]
[Source "John Saunders"]
[SourceDate "2022.12.30"]
[SourceVersion "1"]
[SourceVersionDate "2022.12.30"]
[SourceQuality "1"]

1. d4 d5 2. c4 e6 3. Nc3 c6 4. Nf3 Nf6 5. Bg5 dxc4 6. e4 b5 7. e5 h6 8. Bh4 g5
9. Nxg5 hxg5 10. Bxg5 Nbd7 11. exf6 Bb7 12. g3 c5 13. d5 Bh6 14. Bxh6 Rxh6 15.
Bg2 Qb6 16. Qd2 Rh5 17. O-O-O O-O-O 18. g4 Rhh8 19. Qf4 e5 20. Qf5 Qxf6 21.
Nxb5 Kb8 22. Qe4 Nb6 23. Nc3 Rd7 24. h4 Rhd8 25. g5 Qxf2 26. Qxe5+ Ka8 27. Rd2
Qxd2+ 28. Kxd2 Nxd5 29. Kc1 Re7 30. Qf5 Nb4 31. Bxb7+ Rxb7 32. Rh2 Nd3+ 33. Kb1
Re8 34. Re2 Rxe2 35. Qc8+ Rb8 36. Qc6+ Rb7 37. Nxe2 Kb8 38. Qe8+ Kc7 39. Qxf7+
Kc6 40. Qf6+ Kc7 41. g6 {Source: Paul Littlewood} 1-0

[Event "Lloyds Bank Masters 11th"]
[Site "London"]
[Date "1987.08.23"]
[Round "2"]
[White "Berg, Klaus"]
[Black "Flear, Glenn C"]
[Result "0-1"]
[WhiteElo "2350"]
[BlackElo "2480"]
[PlyCount "86"]
[EventDate "1987.08.22"]
[EventType "swiss"]
[EventRounds "10"]
[EventCountry "ENG"]
[SourceTitle "BritBase"]
[Source "John Saunders"]
[SourceDate "2022.12.30"]
[SourceVersion "1"]
[SourceVersionDate "2022.12.30"]
[SourceQuality "1"]

1. e4 e5 2. Nc3 Nf6 3. Nf3 Nc6 4. Bb5 Bb4 5. O-O O-O 6. d3 d6 7. Bg5 Bxc3 8.
bxc3 Qe7 9. Bxc6 bxc6 10. Nd2 h6 11. Be3 Ng4 12. Qf3 Be6 13. h3 Nxe3 14. Qxe3
Qg5 15. Rfb1 Qxe3 16. fxe3 Rfb8 17. a4 a5 18. Rxb8+ Rxb8 19. Rb1 Rb6 20. Kf2
Kf8 21. Ke2 Ke7 22. Kd1 Kf6 23. Kc1 Kg5 24. Nf3+ Kh5 25. Ra1 g5 26. Kd2 Rb2 27.
Kc1 Rb8 28. Kd2 c5 29. d4 cxd4 30. exd4 f6 31. Nh2 Bd7 32. d5 Kh4 33. Nf1 f5
34. exf5 Bxf5 35. Re1 Bg6 36. Ne3 Rf8 37. Ke2 Kg3 38. Rb1 Rf2+ 39. Ke1 Bh5 40.
Ng4 Bxg4 41. hxg4 Rxc2 42. Rb5 Rxc3 43. Rxa5 Rc4 0-1

[Event "Lloyds Bank Masters 11th"]
[Site "London"]
[Date "1987.08.23"]
[Round "2"]
[White "Gallagher, Joseph G"]
[Black "Bewersdorff, Oliver"]
[Result "1/2-1/2"]
[WhiteElo "2495"]
[BlackElo "2365"]
[PlyCount "57"]
[EventDate "1987.08.22"]
[EventType "swiss"]
[EventRounds "10"]
[EventCountry "ENG"]
[SourceTitle "BritBase"]
[Source "John Saunders"]
[SourceDate "2022.12.30"]
[SourceVersion "1"]
[SourceVersionDate "2022.12.30"]
[SourceQuality "1"]

1. e4 c5 2. Nf3 e6 3. d4 cxd4 4. Nxd4 Nf6 5. Nc3 Nc6 6. g3 d6 7. Bg2 Be7 8. O-O
O-O 9. h3 Bd7 10. Nde2 Na5 11. a4 a6 12. Qd3 Qc7 13. Rd1 Rfd8 14. b3 Rac8 15.
Bf4 Be8 16. g4 Nc6 17. Qg3 Ne5 18. Be3 Qa5 19. f4 Rxc3 20. Nxc3 Qxc3 21. fxe5
dxe5 22. Qf2 h6 23. Qe2 Rc8 24. Ra2 Bc6 25. Bf2 Qb4 26. Be1 Qb6+ 27. Kh2 a5 28.
Bf2 Qb4 29. Be1 1/2-1/2

[Event "Lloyds Bank Masters 11th"]
[Site "London"]
[Date "1987.08.23"]
[Round "2"]
[White "Lodhi, Mahmood"]
[Black "Watson, William N"]
[Result "1-0"]
[WhiteElo "2365"]
[BlackElo "2530"]
[PlyCount "109"]
[EventDate "1987.08.22"]
[EventType "swiss"]
[EventRounds "10"]
[EventCountry "ENG"]
[SourceTitle "BritBase"]
[Source "John Saunders"]
[SourceDate "2022.12.30"]
[SourceVersion "1"]
[SourceVersionDate "2022.12.30"]
[SourceQuality "1"]

1. d4 Nf6 2. c4 g6 3. Nc3 Bg7 4. e4 d6 5. f3 O-O 6. Be3 Nbd7 7. Qd2 c5 8. dxc5
dxc5 9. O-O-O Qa5 10. Kb1 e6 11. Nge2 Ne5 12. Nc1 b6 13. f4 Nc6 14. Be2 Nd4 15.
Nb3 Nxb3 16. axb3 e5 17. h3 Be6 18. g4 exf4 19. Bxf4 b5 20. Nxb5 Qxd2 21. Bxd2
Nxe4 22. Be3 Ng3 23. Bf3 Nxh1 24. Bxa8 Rxa8 25. Rxh1 Bf8 26. Nc7 Rd8 27. Nxe6
fxe6 28. Kc2 Kf7 29. Ra1 Rd7 30. b4 cxb4 31. Rxa7 Rxa7 32. Bxa7 Ke8 33. Kd3 Kd7
34. b3 Kc6 35. Ke4 Bd6 36. Be3 Bc7 37. Bf4 Bb6 38. Bh6 Bf2 39. Bd2 Bc5 40. h4
Kd7 41. h5 gxh5 42. gxh5 Bd6 43. Bf4 Bf8 44. Be3 Kd6 45. c5+ Kc6 46. Ke5 Bxc5
47. Bxc5 Kxc5 48. h6 Kb5 49. Kxe6 Kc6 50. Ke5 Kc5 51. Ke4 Kc6 52. Kd4 Kb5 53.
Kd5 Ka6 54. Kc4 Ka5 55. Kc5 1-0

[Event "Lloyds Bank Masters 11th"]
[Site "London"]
[Date "1987.08.23"]
[Round "2"]
[White "Manor, Ilan"]
[Black "Hebden, Mark"]
[Result "1/2-1/2"]
[WhiteElo "2375"]
[BlackElo "2515"]
[PlyCount "89"]
[EventDate "1987.08.22"]
[EventType "swiss"]
[EventRounds "10"]
[EventCountry "ENG"]
[SourceTitle "BritBase"]
[Source "John Saunders"]
[SourceDate "2022.12.30"]
[SourceVersion "1"]
[SourceVersionDate "2022.12.30"]
[SourceQuality "1"]

1. Nf3 Nf6 2. g3 g6 3. Bg2 Bg7 4. O-O O-O 5. d4 a6 6. c4 d6 7. Nc3 Nc6 8. h3
Rb8 9. e4 b5 10. e5 Nd7 11. e6 fxe6 12. d5 bxc4 13. dxc6 Nc5 14. Ng5 h6 15.
Nge4 Nd3 16. Qg4 Qe8 17. Nd2 d5 18. Nxc4 Rb4 19. Nxd5 exd5 20. Bxd5+ e6 21. Bg2
Ne5 22. Nd6 Nxg4 23. Nxe8 Rxe8 24. hxg4 e5 25. a3 Rb6 26. Be4 Bxg4 27. Bxg6 Rf8
28. Be4 Bf3 29. Re1 Bxe4 30. Rxe4 Rd8 31. Be3 Rxc6 32. Kg2 Rd3 33. b4 Kf7 34.
a4 Rb3 35. Rd1 h5 36. Rd7+ Kg6 37. Bc5 a5 38. Rh4 Bf6 39. Rc4 axb4 40. Rxb4
Rxb4 41. Bxb4 e4 42. Bd2 Rc2 43. a5 Ra2 44. Rd5 c5 45. Be3 1/2-1/2

[Event "Lloyds Bank Masters 11th"]
[Site "London"]
[Date "1987.08.23"]
[Round "2"]
[White "Rogers, Ian"]
[Black "Whiteley, Andrew Jonathan"]
[Result "0-1"]
[WhiteElo "2535"]
[BlackElo "2380"]
[PlyCount "130"]
[EventDate "1987.08.22"]
[EventType "swiss"]
[EventRounds "10"]
[EventCountry "ENG"]
[SourceTitle "BritBase"]
[Source "John Saunders"]
[SourceDate "2022.12.30"]
[SourceVersion "1"]
[SourceVersionDate "2022.12.30"]
[SourceQuality "1"]

1. e4 e6 2. d4 d5 3. Nc3 Bb4 4. e5 c5 5. a3 Bxc3+ 6. bxc3 Qc7 7. Nf3 Ne7 8. Bd3
b6 9. O-O Ba6 10. Re1 Bxd3 11. cxd3 Nd7 12. Bg5 Rc8 13. c4 dxc4 14. Bxe7 Kxe7
15. dxc4 cxd4 16. Qxd4 h6 17. Rad1 Rhd8 18. Qe4 Qxc4 19. Rd4 Qc7 20. h3 Nf8 21.
Rxd8 Rxd8 22. Nd4 Rd7 23. Nb5 Qc5 24. Nd6 Ng6 25. Nc4 Rc7 26. Nd6 Qxe5 27. Qxe5
Nxe5 28. Nb5 Nd3 29. Re2 Rd7 30. g3 Nc5 31. Kg2 a6 32. Nc3 Rd3 33. Rc2 Kd6 34.
h4 e5 35. Kf1 f5 36. Ke2 e4 37. g4 Nb3 38. Kf1 Nd4 39. Rc1 fxg4 40. Nxe4+ Ke5
41. Nc3 b5 42. Kg2 Kf5 43. Nd5 Rxa3 44. Rc5 Nf3 45. Ne3+ Kf4 46. Rf5+ Ke4 47.
Kg3 Nxh4 48. Rf4+ Ke5 49. Kxg4 g5 50. Rf8 Ra4+ 51. Kh5 Rf4 52. Re8+ Kd4 53.
Kxh6 Rxf2 54. Kxg5 Nf3+ 55. Kf6 a5 56. Nf5+ Kc3 57. Rc8+ Kb3 58. Nd6 b4 59. Ne4
Rc2 60. Rd8 Rc4 61. Kf5 Nd4+ 62. Kf6 Kc2 63. Rd5 b3 64. Nd6 Rb4 65. Rc5+ Kd3
0-1

[Event "Lloyds Bank Masters 11th"]
[Site "London"]
[Date "1987.08.23"]
[Round "2"]
[White "Thorhallsson, Throstur"]
[Black "Ernst, Thomas"]
[Result "1/2-1/2"]
[WhiteElo "2345"]
[BlackElo "2455"]
[PlyCount "46"]
[EventDate "1987.08.22"]
[EventType "swiss"]
[EventRounds "10"]
[EventCountry "ENG"]
[SourceTitle "BritBase"]
[Source "John Saunders"]
[SourceDate "2022.12.30"]
[SourceVersion "1"]
[SourceVersionDate "2022.12.30"]
[SourceQuality "1"]

1. e4 c5 2. Nf3 e6 3. c3 Nf6 4. Bd3 Nc6 5. O-O Be7 6. Re1 O-O 7. Bc2 d5 8. d3
b6 9. Bg5 Ba6 10. e5 Nd7 11. Bf4 b5 12. d4 b4 13. Nbd2 bxc3 14. bxc3 cxd4 15.
Nxd4 Rc8 16. Nxe6 fxe6 17. Qh5 Rxf4 18. Qxh7+ Kf8 19. Qh8+ Kf7 20. Qh5+ Kg8 21.
Qh7+ Kf8 22. Qh8+ Kf7 23. Qh5+ Kg8 1/2-1/2

[Event "Lloyds Bank Masters 11th"]
[Site "London"]
[Date "1987.08.23"]
[Round "2"]
[White "Wahls, Matthias"]
[Black "Ward, Christopher"]
[Result "1-0"]
[WhiteElo "2435"]
[BlackElo "2330"]
[PlyCount "47"]
[EventDate "1987.08.22"]
[EventType "swiss"]
[EventRounds "10"]
[EventCountry "ENG"]
[SourceTitle "BritBase"]
[Source "John Saunders"]
[SourceDate "2022.12.30"]
[SourceVersion "1"]
[SourceVersionDate "2022.12.30"]
[SourceQuality "1"]

1. e4 c5 2. Nf3 d6 3. d4 cxd4 4. Nxd4 Nf6 5. Nc3 g6 6. Be3 Bg7 7. f3 O-O 8. Qd2
Nc6 9. Bc4 Bd7 10. h4 Ne5 11. Bb3 Qa5 12. O-O-O Rfc8 13. g4 Nc4 14. Bxc4 Rxc4
15. Nb3 Qa6 16. h5 Rac8 17. Kb1 Bxg4 18. e5 Bxf3 19. exf6 Bxf6 20. hxg6 hxg6
21. Bg5 Bxc3 22. bxc3 Rxc3 23. Bf6 Bxh1 24. Qh6 1-0

[Event "Lloyds Bank Masters 11th"]
[Site "London"]
[Date "1987.08.23"]
[Round "2"]
[White "Wiedenkeller, Michael"]
[Black "Large, Peter G"]
[Result "0-1"]
[WhiteElo "2450"]
[BlackElo "2330"]
[PlyCount "110"]
[EventDate "1987.08.22"]
[EventType "swiss"]
[EventRounds "10"]
[EventCountry "ENG"]
[SourceTitle "BritBase"]
[Source "John Saunders"]
[SourceDate "2022.12.30"]
[SourceVersion "1"]
[SourceVersionDate "2022.12.30"]
[SourceQuality "1"]

1. d4 d5 2. c4 e6 3. Nc3 Be7 4. Nf3 Nf6 5. Bg5 h6 6. Bxf6 Bxf6 7. e3 O-O 8. Qc2
Na6 9. a3 c5 10. Rd1 Qa5 11. cxd5 exd5 12. Be2 Be6 13. O-O Rac8 14. Qd2 c4 15.
e4 dxe4 16. Nxe4 Qxd2 17. Nxf6+ gxf6 18. Nxd2 Rfd8 19. Ne4 Kg7 20. Ng3 Nc7 21.
Nh5+ Kg6 22. Nf4+ Kf5 23. g3 Nd5 24. Ng2 Kg6 25. Rfe1 c3 26. Bd3+ Kg7 27. Rb1
b6 28. Ba6 Rc7 29. Ne3 Ne7 30. bxc3 Rxc3 31. Ng2 Rxa3 32. Nf4 Rxa6 33. Rxe6 Nd5
34. Nxd5 Rxd5 35. Re7 Ra2 36. Rc1 Rf5 37. Rcc7 Rfxf2 38. Rxf7+ Kg6 39. g4 Rg2+
40. Kf1 Rxg4 41. Rxa7 Rf4+ 42. Kg1 Rxa7 43. Rxa7 Rxd4 44. Rb7 Rd6 45. Kg2 Kf5
46. Kg3 Ke4 47. Re7+ Kd4 48. Kf4 b5 49. Rb7 Kc4 50. Kf5 b4 51. h4 b3 52. Kg6
f5+ 53. Kxf5 Rd5+ 54. Ke4 Rb5 55. Rc7+ Rc5 0-1

[Event "Lloyds Bank Masters 11th"]
[Site "London"]
[Date "1987.08.24"]
[Round "3"]
[White "Connolly, Suzanne"]
[Black "Wicker, Kevin J"]
[Result "1-0"]
[WhiteElo "2040"]
[BlackElo "2300"]
[PlyCount "95"]
[EventDate "1987.08.22"]
[EventType "swiss"]
[EventRounds "10"]
[EventCountry "ENG"]
[SourceTitle "BritBase"]
[Source "John Saunders"]
[SourceDate "2022.12.30"]
[SourceVersion "1"]
[SourceVersionDate "2022.12.30"]
[SourceQuality "1"]

1. e4 c6 2. d4 Na6 3. Nf3 g6 4. c3 Nc7 5. Bd3 Bg7 6. O-O d6 7. Bf4 Ne6 8. Be3
Nf6 9. Ng5 O-O 10. Nd2 Nc7 11. h3 h6 12. Ngf3 Ne6 13. Nh2 c5 14. Qc2 cxd4 15.
cxd4 Nh5 16. Nhf3 Nef4 17. Rac1 Bd7 18. Rfd1 Nxd3 19. Qxd3 Nf6 20. d5 Qa5 21.
Qb1 Rfc8 22. Nc4 Qa6 23. b3 Rc7 24. e5 Bf5 25. Qb2 Nd7 26. Qd2 b5 27. exd6 exd6
28. Na5 Rac8 29. Rxc7 Rxc7 30. Nc6 Kh7 31. Nh4 Be4 32. f3 Bf6 33. fxe4 Bxh4 34.
Bxh6 Bg3 35. Bf4 Qb6+ 36. Kh1 Bh4 37. Bxd6 Rc8 38. g3 Bf6 39. Rf1 Kg8 40. Qf2
Rxc6 41. dxc6 Qxc6 42. Qf4 b4 43. Bxb4 Qe6 44. Kg2 Be5 45. Qf3 Bd4 46. Qd3 Bb6
47. Qd5 Qe8 48. Bc3 1-0

[Event "Lloyds Bank Masters 11th"]
[Site "London"]
[Date "1987.08.24"]
[Round "3"]
[White "Flear, Glenn C"]
[Black "Lodhi, Mahmood"]
[Result "1/2-1/2"]
[WhiteElo "2480"]
[BlackElo "2365"]
[PlyCount "131"]
[EventDate "1987.08.22"]
[EventType "swiss"]
[EventRounds "10"]
[EventCountry "ENG"]
[SourceTitle "BritBase"]
[Source "John Saunders"]
[SourceDate "2022.12.30"]
[SourceVersion "1"]
[SourceVersionDate "2022.12.30"]
[SourceQuality "1"]

1. d4 Nf6 2. c4 g6 3. Nc3 d5 4. Nf3 Bg7 5. Qb3 dxc4 6. Qxc4 O-O 7. e4 Nc6 8.
Be2 Bg4 9. d5 Bxf3 10. gxf3 Ne5 11. Qb3 c6 12. f4 Ned7 13. Be3 cxd5 14. e5 Ne4
15. Nxe4 dxe4 16. Qxb7 Qc8 17. Qxe4 Nc5 18. Qc4 Qb7 19. O-O Ne6 20. Bg4 h5 21.
Bxe6 fxe6 22. Qxe6+ Kh7 23. Rad1 Qf3 24. Qd5 Qg4+ 25. Qg2 Qf5 26. Rc1 Rac8 27.
b3 a6 28. Rfd1 Rfd8 29. Rxd8 Rxd8 30. h4 Bh6 31. Qf3 Bg7 32. Kg2 Rc8 33. Rxc8
Qxc8 34. Qd1 Bf8 35. f3 e6 36. Qc1 Qxc1 37. Bxc1 Kg8 38. Bd2 Kf7 39. Kf1 Ke8
40. Ke2 Be7 41. Be1 Kd7 42. Kd3 Kc6 43. b4 Kb5 44. a3 Bd8 45. Bf2 Be7 46. Kc3
a5 47. bxa5 Bxa3 48. Kd3 Kxa5 49. Kc4 Be7 50. Be1+ Kb6 51. Bf2+ Kc6 52. Be1 Bc5
53. Bg3 Bg1 54. Kb4 Kd5 55. Kc3 Kc5 56. Kd3 Kb4 57. Be1+ Kc5 58. Bg3 Kd5 59.
Kc3 Bc5 60. Kd3 Bf8 61. Be1 Ba3 62. Bd2 Be7 63. Be1 Kc5 64. Kc3 Kb5 65. Bf2 Bd8
66. Bg3 1/2-1/2

[Event "Lloyds Bank Masters 11th"]
[Site "London"]
[Date "1987.08.24"]
[Round "3"]
[White "Hartston, William R"]
[Black "Hansen, Mads Smith"]
[Result "1/2-1/2"]
[WhiteElo "2435"]
[BlackElo "2305"]
[PlyCount "48"]
[EventDate "1987.08.22"]
[EventType "swiss"]
[EventRounds "10"]
[EventCountry "ENG"]
[SourceTitle "BritBase"]
[Source "John Saunders"]
[SourceDate "2022.12.30"]
[SourceVersion "1"]
[SourceVersionDate "2022.12.30"]
[SourceQuality "1"]

1. d4 Nf6 2. Nf3 g6 3. c4 Bg7 4. Nc3 O-O 5. Bg5 d6 6. e3 Nbd7 7. Qc2 c6 8. Be2
a6 9. O-O b5 10. cxb5 cxb5 11. Rfd1 Bb7 12. b4 Nb6 13. Bxf6 Bxf6 14. a4 bxa4
15. Nxa4 Nxa4 16. Rxa4 Qb6 17. Nd2 Bc6 18. Ra2 Bb5 19. Bxb5 Qxb5 20. Ne4 Bg7
21. Qa4 Rfb8 22. Qxb5 Rxb5 23. Ra4 Rab8 24. Rxa6 Rxb4 1/2-1/2